000 00342cam a2200133 i 4500
020 _a0374135258
050 0 _aPS3523.O89
_bD39 1977
100 1 _aLowell, Robert,
_d1917-1977.
245 1 0 _aDay by day /
_cRobert Lowell.
260 _aNew York :
_bFarrar, Straus and Giroux,
_cc1977.
300 _a137 p. ;
500 _aPoems.
942 _2lcc
_cGEN
999 _c8114
_d8114